All in the Family spinoffs(or spinoffs of spinoffs!) Quiz Stats

 Plays Quiz not verified by Sporcle

Also try: BAFTA Best Sitcom
Challenge
Share
Tweet
Embed
Score 0/6 Timer 05:00
0 Plays Today
% Correct
The Jeffersons
97.6%
Maude
94.2%
Archie Bunker's Place
67.5%
Gloria
64.6%
Good Times
60.7%
704 Hauser St
14.1%

You're not logged in!

Compare scores with friends on all Sporcle quizzes.
Join for Free
OR
Log In

You Might Also Like...

Show Comments

Extras

Created Jan 22, 2013ReportNominate
Tags:family

Top Quizzes Today


Score Distribution

Your Account Isn't Verified!

In order to create a playlist on Sporcle, you need to verify the email address you used during registration. Go to your Sporcle Settings to finish the process.

Report this User

Report this user for behavior that violates our Community Guidelines.

Details: